Vista normal Vista MARC

Entrada Nombre Personal

Número de registros utilizados en: 2

001 - NUMERO DE CONTROL

  • control field: 27525

003 - IDENTIFICADOR DEL NÚMERO DE CONTROL

  • control field: AR-RoUNA

005 - FECHA Y HORA DE LA ÚLTIMA TRANSACCIÓN

  • control field: 20251027095836.0

008 - ELEMENTOS DE DATOS DE LONGITUD FIJA

  • fixed length control field: 251027|| aca||aabn | a|a d

010 ## - NÚMERO DE CONTROL DE LA BIBLIOTECA DEL CONGRESO

  • LC control number: n 86067083

040 ## - FUENTE DE CATALOGACIÓN

  • Original cataloging agency: AR-RoUNA
  • Transcribing agency: AR-RoUNA

100 ## - ENCABEZADO--NOMBRE PERSONAL

  • Nombre personal: Rivas, Juan Luis de las

370 ## - LUGAR ASOCIADO

  • Lugar de residencia/oficina central: Valladolid (España)
  • País asociado : España
  • Fuente del término: naf

373 ## - GRUPO ASOCIADO

  • Grupo asociado: Universidad de Valladolid

400 ## - REFERENCIA DE ENVIO “VEASE” - NOMBRE PERSONAL

  • Nombre personal: De las Rivas, Juan Luis

400 ## - REFERENCIA DE ENVIO “VEASE” - NOMBRE PERSONAL

  • Nombre personal: Las Rivas, Juan Luis de

400 ## - REFERENCIA DE ENVIO “VEASE” - NOMBRE PERSONAL

  • Nombre personal: Rivas Sanz, Juan Luis de las

400 ## - REFERENCIA DE ENVIO “VEASE” - NOMBRE PERSONAL

  • Nombre personal: Sanz, Juan Luis de las Rivas

670 ## - FUENTE EN LA QUE SE LOCALIZARON DATOS

  • Cita fuente: Work cat.: (AR-RoUNA)12192: Planes especiales. Segovia.

670 ## - FUENTE EN LA QUE SE LOCALIZARON DATOS

  • Cita fuente: Martínez Caro, C. Arquitectura urbana, 1985?:
  • Información encontrada: t.p. (Juan Luis de las Rivas) t.p. verso (Juan Luis de las Rivas Sanz)

670 ## - FUENTE EN LA QUE SE LOCALIZARON DATOS

  • Cita fuente: Miró Rivera Architects, 2020, ©2020:
  • Información encontrada: page 32 (Juan Luis de las Rivas Sanz, he is a professor of urban design and city planning at the School of Architecture, Universidad de Valladolid, Spain)